| 000 | 00712nam a2200241Ia 4500 | ||
|---|---|---|---|
| 003 | OSt | ||
| 005 | 20220928113640.0 | ||
| 006 | a|||||r|||| 00| 0 | ||
| 007 | ta | ||
| 008 | 220927b |||||||| |||| 00| 0 eng d | ||
| 024 | _a15907 | ||
| 037 | _cTextual | ||
| 040 |
_aSDCL _cSDCL _beng |
||
| 041 |
_2eng _aeng |
||
| 082 | _aG:424:f3, P7 | ||
| 100 |
_aKjelleberg Staffan Ed. _9434211 |
||
| 245 | 0 |
_aBiofilm mode of life _b Mechanisms and adaptations |
|
| 260 |
_aNorfolk _bHorizon Bioscience _c2007 |
||
| 300 |
_avii,248p _ccm. |
||
| 700 |
_a Givskov Michael Ed. _9434212 |
||
| 942 |
_hG:424:f3, P7 _cTEXL _2CC |
||
| 999 |
_c750580 _d750580 |
||